Soundgarden Albums Tile Select - Statistics

General Stats
  • This quiz has been taken 37 times
  • The average score is 35 of 45
Answer Stats
Question Tile Select % Correct
the following songs that are on Superunknown (1994). Black Hole Sun Yes
100%
the following songs that are on Superunknown (1994). Fell on Black Days Yes
97%
the following songs that are on Superunknown (1994). 4th of July Yes
93%
the following songs that are on Superunknown (1994). Burden in My Hand No
93%
the following songs that are on Badmotorfinger (1991). Half No
93%
the following songs that are on Badmotorfinger (1991). Jesus Christ Pose Yes
93%
the following songs that are on Badmotorfinger (1991). No Wrong No Right No
93%
the following songs that are on Badmotorfinger (1991). Rusty Cage Yes
93%
the following songs that are on Badmotorfinger (1991). I Awake No
90%
the following songs that are on Badmotorfinger (1991). Mailman No
90%
the following songs that are on Superunknown (1994). Spoonman Yes
90%
the following songs that are on Louder Than Love (1989). Heretic No
87%
the following songs that are on Louder Than Love (1989). Loud Love Yes
87%
the following songs that are on Superunknown (1994). My Wave Yes
87%
the following songs that are on Badmotorfinger (1991). Room a Thousand Years Wide Yes
87%
the following songs that are on Badmotorfinger (1991). Slaves & Bulldozers Yes
87%
the following songs that are on Superunknown (1994). Zero Chance No
87%
the following songs that are on Down on the Upside (1996). Blow Up the Outside World Yes
83%
the following songs that are on Superunknown (1994). Pretty Noose No
83%
the following songs that are on Down on the Upside (1996). Ty Cobb Yes
83%
the following songs that are on Louder Than Love (1989). Fresh Deadly Roses No
80%
the following songs that are on Superunknown (1994). Fresh Tendrils Yes
80%
the following songs that are on Louder Than Love (1989). Hands All Over Yes
80%
the following songs that are on Louder Than Love (1989). Head Injury No
80%
the following songs that are on Down on the Upside (1996). Limo Wreck No
80%
the following songs that are on Down on the Upside (1996). The Day I Tried to Live No
80%
the following songs that are on Louder Than Love (1989). He Didn't No
77%
the following songs that are on Down on the Upside (1996). Rhinosaur Yes
77%
the following songs that are on Ultramega OK (1988). Hunted Down No
73%
the following songs that are on Down on the Upside (1996). Let Me Drown No
73%
the following songs that are on Ultramega OK (1988). Get on the Snake No
70%
the following songs that are on Down on the Upside (1996). Head Down No
70%
the following songs that are on Down on the Upside (1996). She Likes Surprises No
70%
the following songs that are on Ultramega OK (1988). Flower Yes
67%
the following songs that are on Louder Than Love (1989). Gun Yes
67%
the following songs that are on Badmotorfinger (1991). Drawing Flies Yes
63%
the following songs that are on Ultramega OK (1988). Incessant Mace Yes
63%
the following songs that are on Louder Than Love (1989). Power Trip Yes
63%
the following songs that are on Ultramega OK (1988). Tears to Forget No
63%
the following songs that are on Ultramega OK (1988). Beyond the Wheel Yes
60%
the following songs that are on Down on the Upside (1996). No Attention Yes
60%
the following songs that are on Ultramega OK (1988). Ugly Truth No
57%
the following songs that are on Ultramega OK (1988). All Your Lies Yes
53%
the following songs that are on Louder Than Love (1989). Uncovered Yes
47%
the following songs that are on Ultramega OK (1988). Circle of Power Yes
43%
No matching quizzes found
Score Distribution
Percent of People with Each Score
Percentile by Number Answered
Your Score History
You have not taken this quiz